ბათუმის შოთა რუსთაველის სახელმწიფო უნივერსიტეტის ბიბლიოთეკა

ზოგადი ადამიანთმცოდნეობა როგორც პედაგოგიკის საფუძველი (ბიბ.ჩანაწერი № 34607)

000 -LEADER
fixed length control field 01162nam a2200253Ia 4500
001 - CONTROL NUMBER
control field 369
003 - CONTROL NUMBER IDENTIFIER
control field GE_BSU
008 - FIXED-LENGTH DATA ELEMENTS--GENERAL INFORMATION
fixed length control field 181216s||||||||xx |||||||||||||| ||und||
020 ## - INTERNATIONAL STANDARD BOOK NUMBER
International Standard Book Number 9992887796
040 ## - CATALOGING SOURCE
Transcribing agency GE_BSU
080 ## - UNIVERSAL DECIMAL CLASSIFICATION NUMBER
Universal Decimal Classification number 141.333
100 ## - MAIN ENTRY--PERSONAL NAME
Personal name შტაინერი, რუდოლფ
245 ## - TITLE STATEMENT
Title ზოგადი ადამიანთმცოდნეობა როგორც პედაგოგიკის საფუძველი
245 ## - TITLE STATEMENT
Remainder of title 14 ლექცია, წაკითხული შტუტგარტში 1919 წლის 21 აგვისტოდან 5 სექტემბრამდე თავისუფალი ვალდორფის სკოლის დაარსებასთან დაკავშირებით
245 ## - TITLE STATEMENT
Statement of responsibility, etc. თარგმნილია 1980 წლის მერვე გამოცემიდან
260 ## - PUBLICATION, DISTRIBUTION, ETC.
Place of publication, distribution, etc. თბილისი
260 ## - PUBLICATION, DISTRIBUTION, ETC.
Name of publisher, distributor, etc. აწმყო
260 ## - PUBLICATION, DISTRIBUTION, ETC.
Date of publication, distribution, etc. 2005
300 ## - PHYSICAL DESCRIPTION
Extent 241გვ.
653 ## - INDEX TERM--UNCONTROLLED
Uncontrolled term ანთროპოსოფია
653 ## - INDEX TERM--UNCONTROLLED
Uncontrolled term პედაგოგიკა
942 ## - ADDED ENTRY ELEMENTS (KOHA)
Koha item type წიგნი
ეგზემპლარები
Withdrawn status Lost status Damaged status Not for loan Date acquired Barcode Date last seen Price effective from Koha item type Public note
        2018-12-17 2184 2018-12-17 2018-12-17 წიგნი დარბაზი